| 000 | 00628nam a2200229Ia 4500 | ||
|---|---|---|---|
| 003 | OSt | ||
| 005 | 20220927104441.0 | ||
| 006 | a|||||r|||| 00| 0 | ||
| 007 | ta | ||
| 008 | 220926b |||||||| |||| 00| 0 eng d | ||
| 024 | _a147772 | ||
| 037 | _cReference Collections | ||
| 040 |
_aRTL _cRTL _beng |
||
| 041 |
_2eng _aeng |
||
| 082 | _a"X71.44Q7rN48, K7/GD" | ||
| 110 |
_a"PAKISTAN, FINANCE (M/o-)" _9365955 |
||
| 245 | 0 | _aBudget in Brief 1966-67 | |
| 260 | _c1967 | ||
| 700 |
_a"PAKISTAN, FINANCE (M/o-)" _9365956 |
||
| 942 |
_h"X71.44Q7rN48, K7/GD" _cCC |
||
| 999 |
_c687506 _d687506 |
||